| 000 | 00610nam a2200193 a 4500 | ||
|---|---|---|---|
| 001 | 000026706 | ||
| 003 | DO-SdBNP | ||
| 005 | 20250502073819.0 | ||
| 008 | 110324s1969 dr 000 0 spa d | ||
| 040 |
_aDO-SdBNP _bspa _cBNPHU |
||
| 245 | 0 | 0 | _aApuntes gramaticales |
| 260 |
_aSanto Domingo : _bONAP, _c1969. |
||
| 300 |
_a45 p. ; _c26 cm. |
||
| 490 | 1 |
_aPublicaciones de la ONAP _v5 |
|
| 590 | _aInventariado, 2019 / DG | ||
| 710 | 1 |
_aRepública Dominicana. _bOficina Nacional de Administración y Personal _926398 |
|
| 830 | 0 |
_aOficina Nacional de Administración y Personal _n5 _953818 |
|
| 942 |
_2ddc _cLBS1 |
||
| 999 |
_c26198 _d26198 |
||